'The Prisoner' Episodes Quiz Stats

 Plays Quiz Updated Apr 3, 2020

     
Support Sporcle.
Go Orange.
Score 0/17 Timer 06:00
0 Plays Today
First UK Broadcast Episode title % Correct
1 October, 1967Arrival
83.6%
8 October, 1967The Chimes of Big Ben
69.9%
15 October, 1967A. B. and C.
69.3%
4 February, 1968Fall Out
65.6%
21 January, 1968The Girl Who Was Death
56%
29 October, 1967The Schizoid Man
55.8%
5 November, 1967The General
54.1%
14 January, 1968Living in Harmony
52.3%
3 December, 1967Checkmate
52.3%
First UK Broadcast Episode title % Correct
10 December, 1967Hammer Into Anvil
51.4%
12 November, 1967Many Happy Returns
49.7%
22 October, 1967Free For All
47.6%
7 January, 1968Do Not Forsake Me Oh My Darling
47.6%
28 January, 1968Once Upon a Time
47.6%
26 November, 1967Dance of the Dead
43.8%
31 December, 1967A Change of Mind
40.7%
17 December, 1967It's Your Funeral
37.6%

From the Vault

Movie/Actor Fill-in-the-Blank (A-Z)

by MovieGuru

Movies 4m
When it comes to shared letters, Sporclers know how to find 'em!
Remove Ads.
Support Sporcle.
Get the best of Sporcle when you Go Orange. This ad-free experience offers more features, more stats, and more fun while also helping to support Sporcle. Thank you for becoming a member.

Show Comments

Extras

Top Quizzes Today


Score Distribution

Your Account Isn't Verified!

In order to create a playlist on Sporcle, you need to verify the email address you used during registration. Go to your Sporcle Settings to finish the process.

Report this User

Report this user for behavior that violates our Community Guidelines.

Details: